000 00212nam a22000857a 4500
008 170220b xxu||||| |||| 00| 0 eng d
100 _92931
_aFarmer.N.
245 _aThe Ear, the Eye and the Are
260 _aLondon
_c1994
999 _c6172
_d6172